The Old Tibetan annals : (Record no. 273169)
[ view plain ]
| 000 -LEADER | |
|---|---|
| fixed length control field | 02507nam a2200301 a 4500 |
| 001 - CONTROL NUMBER | |
| control field | 000738821 |
| 003 - CONTROL NUMBER IDENTIFIER | |
| control field | AM-YeHGA |
| 005 - DATE AND TIME OF LATEST TRANSACTION | |
| control field | 20250617143319.0 |
| 008 - FIXED-LENGTH DATA ELEMENTS--GENERAL INFORMATION | |
| fixed length control field | 100526s2009 au r 000 0 eng d |
| 040 ## - CATALOGING SOURCE | |
| Original cataloging agency | AM-YeHGA |
| 041 0# - LANGUAGE CODE | |
| Language code of text/sound track or separate title | eng |
| 090 ## - LOCALLY ASSIGNED LC-TYPE CALL NUMBER (OCLC); LOCAL CALL NUMBER (RLIN) | |
| -- | 274812 |
| 100 1# - MAIN ENTRY--PERSONAL NAME | |
| Personal name | Dotson, Brandon, |
| Dates associated with a name | 1978- |
| 245 14 - TITLE STATEMENT | |
| Title | The Old Tibetan annals : |
| Remainder of title | An annotated translation of Tibet's first history / |
| Statement of responsibility, etc. | Brandon Dotson ; With an annotated cartographical documentation by Guntram Hazod. |
| 260 ## - PUBLICATION, DISTRIBUTION, ETC. | |
| Place of publication, distribution, etc. | Wien : |
| Name of publisher, distributor, etc. | Verlag der Osterreichischen Akademie der Wissenschaften, |
| Date of publication, distribution, etc. | 2009. |
| 300 ## - PHYSICAL DESCRIPTION | |
| Extent | vi, 319 p. : |
| Other physical details | ill. : aps. ; |
| Dimensions | 30 cm. |
| 440 #0 - SERIES STATEMENT/ADDED ENTRY--TITLE | |
| Title | Veroffentlichungen zur Sozialanthropologie ; |
| Volume/sequential designation | Bd. 12 |
| 490 1# - SERIES STATEMENT | |
| Series statement | Denkschriften/ Osterreichische Akademie der Wissenschaften. Philosophisch-Historische Klasse ; |
| Volume/sequential designation | Bd. 381 |
| 500 ## - GENERAL NOTE | |
| General note | Includes Tibetan text and English translation of the Old Tibetan annals, version I (PT 1288, IOL Tib J 750) and version II (OR8212 (187) |
| 504 ## - BIBLIOGRAPHY, ETC. NOTE | |
| Bibliography, etc. note | Includes bibliogr. references : (p. 270-286) and indexes |
| 505 0# - FORMATTED CONTENTS NOTE | |
| Formatted contents note | Introduction. Introducing the Old Tibetan annals ; Succession and marriage and the Tibetan royal line ; Historical geography and the Old Tibetan annals ; Administration and administrators in the Old Tibetan annals ; Class and rank in the Tibetan Empire ; Linguistic and orthographic features of the Old Tibetan annals - The old Tibetan annals. The Old Tibetan annals, version I : PT 1288, IOL Tib J 750 ; The Old Tibetan annals, version II : OR 8212 (187) -Appendices. Appendix one : annalistic entries in other documents ; Appendix two : the royal succession ; Appendix three : the sack of the Chinese capital in the Old Tibetan chronicle and the Zhol Pillar ; Appendix four : The "Succession of chief ministers" in the Old Tibetan chronicle ; Appendix five : the regimes of Khri Srong-Ide-btsan, Khri Lde-srong-btsan, and Khri Gtsug-Ide-btsan based on their edicts - Imperical central Tibet. An annotated cartographical survey of its territorial divisions and key political sites / Guntram Hazod - Table and glossary. Table of royal residences, council sites, foreign visits, and "Royal events" ; Glossary |
| 630 04 - SUBJECT ADDED ENTRY--UNIFORM TITLE | |
| Uniform title | Old Tibetan Annals |
| 651 #4 - SUBJECT ADDED ENTRY--GEOGRAPHIC NAME | |
| Geographic name | Tibet (China) |
| General subdivision | History |
| Form subdivision | Sources |
| 651 #4 - SUBJECT ADDED ENTRY--GEOGRAPHIC NAME | |
| Geographic name | Tibet (China) |
| General subdivision | Historical geography |
| Form subdivision | Sources |
| 700 1# - ADDED ENTRY--PERSONAL NAME | |
| Personal name | Hazod, Guntram. |
| Relationship | ann |
| 710 2# - ADDED ENTRY--CORPORATE NAME | |
| Corporate name or jurisdiction name as entry element | Osterreichische Akademie der Wissenschaften |
| 830 #0 - SERIES ADDED ENTRY--UNIFORM TITLE | |
| Uniform title | Denkschriften/ Osterreichische Akademie der Wissenschaften |
| Name of part/section of a work | Philosophisch-Historische Klasse ; |
| Volume/sequential designation | Bd. 381 |
| Withdrawn status | Lost status | Damaged status | Not for loan | Collection | Home library | Current library | Date acquired | Cost, normal purchase price | Shelving control number | Total checkouts | Full call number | Barcode | Date last seen | Price effective from | Koha item type | Public note |
|---|---|---|---|---|---|---|---|---|---|---|---|---|---|---|---|---|
| General | Fundamental Scientific Library | Fundamental Scientific Library | 29/12/2016 | 3000.00 | ПИ 1517/381 | FL0157826 | 29/12/2016 | 29/12/2016 | Գրքեր / Books | 30 Days Loan |
ՀՀ Գիտությունների ազգային ակադեմիայի հիմնարար գիտական գրադարան = Fundamental Scientific Library of NAS RA
All site content, except where otherwise noted, is licensed under a